Kirchliches Amtsblatt für die Diözese Rottenburg-Stuttgart
| Previous Title: | Kirchliches Amtsblatt für die Diözese Rottenburg |
|---|---|
| Corporate Authors: | ; |
| Format: | Print Journal |
| Language: | German |
| Subito Delivery Service: | Order now. |
| Check availability: | HBZ Gateway |
| WorldCat: | WorldCat |
| Interlibrary Loan: | Für eine Fernleihe wählen Sie bitte zuerst einen Band oder Aufsatz aus. |
| Published: |
Rottenburg
Ordinariat
1978-
|
| In: | Year: 1978 |
| Volumes / Articles: | Show volumes/articles. |
| Further subjects: | B
Church press
B Baden-Württemberg B Holy See (motif) B Gazette B Journal B Holy See (motif) Diözese Rottenburg-Stuttgart |
| Parallel Edition: | Electronic
|
MARC
| LEADER | 00000cas a2200000 c 4500 | ||
|---|---|---|---|
| 001 | 16677104X | ||
| 003 | DE-627 | ||
| 005 | 20241025102005.0 | ||
| 007 | tu | ||
| 008 | 941029c19789999gw z| p| 0 |0ger c | ||
| 015 | |a 79,B03,0060 |2 dnb | ||
| 016 | 7 | |a 011848049 |2 DE-101 | |
| 016 | 7 | |a 304111-6 |2 DE-600 | |
| 035 | |a (DE-627)16677104X | ||
| 035 | |a (DE-576)015212114 | ||
| 035 | |a (DE-599)ZDB304111-6 | ||
| 035 | |a (OCoLC)85086037 | ||
| 040 | |a DE-627 |b ger |c DE-627 |e rakwb | ||
| 041 | |a ger | ||
| 044 | |c XA-DE | ||
| 082 | 0 | 4 | |a 230 |q DE-600 |
| 084 | |a 02a |a 200 |a 220 |a 230 |a 290 |2 sdnb | ||
| 084 | |a 1 |2 ssgn | ||
| 084 | |a THEO |q DE-21 |2 fid | ||
| 084 | |a 724 |2 bwlb | ||
| 110 | 2 | |e VerfasserIn |0 (DE-588)1097762173 |0 (DE-627)857352148 |0 (DE-576)468929827 |4 aut |a Katholische Kirche |b Diözese Rottenburg-Stuttgart | |
| 245 | 1 | 0 | |a Kirchliches Amtsblatt für die Diözese Rottenburg-Stuttgart |c hrsg. vom Bischöflichen Ordinariat |
| 264 | 3 | 1 | |a Rottenburg |b Ordinariat |c 1978- |
| 336 | |a Text |b txt |2 rdacontent | ||
| 337 | |a ohne Hilfsmittel zu benutzen |b n |2 rdamedia | ||
| 338 | |a Band |b nc |2 rdacarrier | ||
| 362 | 0 | |a Bd. 34.1977/78(1978),20 - 46.2000/01 = Jg. 85-107/108; 47.2002/03=Jg. 107/108 - | |
| 363 | 0 | 1 | |a 34 |b 20 |i 1977/78 |
| 363 | 1 | 0 | |i 2000/01 |a 46 |
| 515 | |a Band 42=Jahrgang 100 fälschlich als Band 42=Jahrgang 99 bezeichnt; Jg. 107/108 doppelt gezählt | ||
| 591 | |a 24! | ||
| 601 | |a Kirchlichkeit | ||
| 601 | |a Amtsblatt | ||
| 610 | 2 | 7 | |0 (DE-588)1097762173 |0 (DE-627)857352148 |0 (DE-576)468929827 |a Katholische Kirche |b Diözese Rottenburg-Stuttgart |2 gnd |7 (dpeaa)DE-631 |
| 610 | 2 | 7 | |0 (DE-588)2009545-4 |0 (DE-627)101659261 |0 (DE-576)191644501 |a Katholische Kirche |2 gnd |7 (dpeaa)DE-631 |
| 650 | 0 | 7 | |0 (DE-588)4142298-3 |0 (DE-627)104180587 |0 (DE-576)209717637 |a Amtsblatt |2 gnd |7 (dpeaa)DE-631 |
| 650 | 0 | 7 | |0 (DE-588)4132980-6 |0 (DE-627)105683531 |0 (DE-576)209640111 |a Kirchliche Presse |2 gnd |7 (dpeaa)DE-631 |
| 651 | 7 | |0 (DE-588)4004176-1 |0 (DE-627)106387154 |0 (DE-576)208854444 |a Baden-Württemberg |2 gnd |7 (dpeaa)DE-631 | |
| 655 | 7 | |a Zeitschrift |0 (DE-588)4067488-5 |0 (DE-627)10454466X |0 (DE-576)20917000X |2 gnd-content | |
| 710 | 2 | |e Herausgebendes Organ |0 (DE-588)1085700801 |0 (DE-627)849846412 |0 (DE-576)45708622X |4 isb |a Katholische Kirche |b Diözese Rottenburg-Stuttgart |b Bischöfliches Ordinariat | |
| 770 | 0 | 8 | |i Beil. |t Nachkonziliare Dokumente |d [Rottenburg] : [Bischöfliches Ordinariat], 1967 |w (DE-627)167348620 |w (DE-600)502748-2 |w (DE-576)015637778 |
| 770 | 0 | 8 | |i Beil. |a Diözesanbibliothek Rottenburg |t Neuanschaffungen und Schenkungen für die Diözesanbibliothek |d Rottenburg, Tübingen : Ordinariat, 1949 |w (DE-627)166269867 |w (DE-600)138619-0 |w (DE-576)014614138 |
| 776 | 0 | 8 | |i Erscheint auch als |n Online-Ausgabe |a Katholische Kirche. Diözese Rottenburg-Stuttgart |t Kirchliches Amtsblatt für die Diözese Rottenburg-Stuttgart |d Rottenburg : Ordinariat, 2016 |h Online-Ressource |w (DE-627)1041373554 |w (DE-600)2952039-3 |w (DE-576)514761229 |k Electronic |
| 780 | 0 | 0 | |i Vorg. |a Katholische Kirche. Diözese Rottenburg |t Kirchliches Amtsblatt für die Diözese Rottenburg |d Rottenburg : Bischöfl. Ordinariat, 1894 |w (DE-627)167349090 |w (DE-600)502881-4 |w (DE-576)015638464 |k Non-Electronic |
| 935 | |a mteo |a BWLB | ||
| 951 | |a JT | ||
| ACO | |a 1 | ||
| CAN | |a 1 | ||
| ELC | |b 1 | ||
| ITA | |a 1 |t 1 | ||
| LOK | |0 000 xxxxxcy a22 3n 4500 | ||
| LOK | |0 001 2115186028 | ||
| LOK | |0 003 DE-627 | ||
| LOK | |0 004 16677104X | ||
| LOK | |0 005 20080807103244 | ||
| LOK | |0 008 880929||||||||||||||||ger||||||| | ||
| LOK | |0 035 |a (DE-600)022532153 | ||
| LOK | |0 040 |a DE-21 |c DE-627 |d DE-21 | ||
| LOK | |0 092 |o l |u 093 | ||
| LOK | |0 852 |8 1 | ||
| LOK | |0 852 |a DE-21 | ||
| LOK | |0 852 1 |c L XIII 130.4 |9 00 | ||
| LOK | |0 85901 |8 1.1 |a 34 |i 1977/78 | ||
| LOK | |0 86630 |a 34.1977/78(1978),20=Jg. 85 - |9 Bd. | ||
| LOK | |0 866 0 |z ZLS-A: theol / ZLS-WZ | ||
| LOK | |0 939 |a 1999-12-08 |b z01 | ||
| LOK | |0 000 xxxxxcy a22 3n 4500 | ||
| LOK | |0 001 2115186036 | ||
| LOK | |0 003 DE-627 | ||
| LOK | |0 004 16677104X | ||
| LOK | |0 005 20201026104317 | ||
| LOK | |0 008 880930||||||||||||||||ger||||||| | ||
| LOK | |0 035 |a (DE-600)02253217X | ||
| LOK | |0 040 |a DE-21-35 |c DE-627 |d DE-21-35 | ||
| LOK | |0 092 |o n | ||
| LOK | |0 852 |8 1 | ||
| LOK | |0 852 |a DE-21-35 | ||
| LOK | |0 852 1 |c Nc 10.19 |9 00 | ||
| LOK | |0 85901 |8 1.1 |a 34 |i 1977/78 | ||
| LOK | |0 86630 |a 34.1977/78(1978),20=Jg. 85 - |9 Bd. | ||
| LOK | |0 939 |a 1999-12-08 |b z01 | ||
| LOK | |0 000 xxxxxcx a22 zn 4500 | ||
| LOK | |0 001 2115186044 | ||
| LOK | |0 003 DE-627 | ||
| LOK | |0 004 16677104X | ||
| LOK | |0 005 20201026095134 | ||
| LOK | |0 008 910716||||||||||||||||ger||||||| | ||
| LOK | |0 040 |a DE-21-35 |c DE-627 |d DE-21-35 | ||
| LOK | |0 852 |z Bestand: Bd 34 = Jg 85.1978, Nr 20 - | ||
| LOK | |0 852 |a DE-21-35 | ||
| LOK | |0 852 1 |c Nc 10.19 |m p |9 00 | ||
| LOK | |0 866 |x KV : abonniert ; Bd 55-60 fehlen beim Umsignieren 10/20 ( Alte Signatur: Na 5.01) | ||
| LOK | |0 935 |a ALKV |a abok | ||
| LOK | |0 938 |k p | ||
| LOK | |0 939 |a 1991-07-16 |b l01 | ||
| LOK | |0 000 xxxxxcx a22 zn 4500 | ||
| LOK | |0 001 3927646466 | ||
| LOK | |0 003 DE-627 | ||
| LOK | |0 004 16677104X | ||
| LOK | |0 005 20210512113030 | ||
| LOK | |0 008 210512||||||||||||||||ger||||||| | ||
| LOK | |0 040 |a DE-21-24 |c DE-627 |d DE-21-24 | ||
| LOK | |0 852 |a DE-21-24 | ||
| LOK | |0 852 1 |c S,Ia,10 |m p |9 00 | ||
| LOK | |0 866 |a Ö III: 60.2016=Jg. 123 - 64.2020=Jg. 127 (64 in Einzelheften) | ||
| LOK | |0 936ln |a S,Ia, | ||
| LOK | |0 938 |k p | ||
| LOK | |0 939 |a 2021-05-12 |b l01 | ||
| LOK | |0 000 xxxxxcy a22 3n 4500 | ||
| LOK | |0 001 3929049813 | ||
| LOK | |0 003 DE-627 | ||
| LOK | |0 004 16677104X | ||
| LOK | |0 005 20211201130321 | ||
| LOK | |0 008 210517||||||||||||||||ger||||||| | ||
| LOK | |0 035 |a (DE-600)727713647 | ||
| LOK | |0 040 |a DE-21-24 |c DE-627 |d DE-21-24 | ||
| LOK | |0 092 |o n | ||
| LOK | |0 852 |8 1 | ||
| LOK | |0 852 |a DE-21-24 | ||
| LOK | |0 852 1 |c S,Ia,10 |9 00 | ||
| LOK | |0 8564 |u https://uni-tuebingen.de/jura-zeitschriftenstandorte |z Übersicht der Standorte | ||
| LOK | |0 85900 |8 1.1 |a 60 |i 2016 | ||
| LOK | |0 85910 |8 1.2 |a 64 |i 2020 | ||
| LOK | |0 86630 |a 60.2016=Jg. 123 - 64.2020=Jg. 127 | ||
| LOK | |0 866 0 |z Standort: Ö III | ||
| LOK | |0 939 |a 2021-05-17 |b z01 | ||
| ORI | |a TA-MARC-ixtheob001.raw | ||
| REL | |a 1 | ||
| SPR | |a 1 |b 1 |t CAN |t IXT |t REL | ||
| STA | 0 | 0 | |a Baden-Württemberg,Church press,Ecclesiastical press,Gazette,Holy See (motif),Catholic church,Catholic Church,Catholic Church,Former pilgrimage church Saint Ottilia |
| STB | 0 | 0 | |a Bade-Württemberg,Journal officiel,Presse ecclésiastique,Saint-Siège (motif),Église catholique,Église catholique |
| STC | 0 | 0 | |a Movimiento juvenil católico,Periódico Oficial,Prensa eclesial |
| STD | 0 | 0 | |a Chiesa cattolica,Gazzetta ufficiale,Stampa ecclesiastica |
| STE | 0 | 0 | |a 天主教会,罗马公教,教会报刊 |
| STF | 0 | 0 | |a 天主教會,羅馬公教,教會報刊 |
| STG | 0 | 0 | |a Diário Oficial,Igreja católica,Imprensa eclesial |
| STH | 0 | 0 | |a Ведомственный бюллетень,Католическая церковь (мотив),Церковная пресса |
| STI | 0 | 0 | |a Εκκλησιαστικός Τύπος,Επίσημη Εφημερίδα,Καθολική Εκκλησία (μοτίβο) |
| SUB | |a CAN |a REL | ||
| SYB | 0 | 0 | |a Diözese Rottenburg-Stuttgart,DRS,Katholische Kirche,Diözese Rottenburg-Stuttgart,Diözesansynode,Katholische Kirche,Diözese Rottenburg-Stuttgart,Sekretariat,Katholische Kirche,Diözese Rottenburg-Stuttgart,Diözesanverwaltung,Katholische Kirche,Diözese Rottenburg-Stuttgart,Verwaltung,Katholische Kirche,Diözese Rottenburg-Stuttgart,Amt für Öffentlichkeitsarbeit,Katholische Kirche,Diözese Rottenburg-Stuttgart,Referat Ständiges Diakonat,Katholische Kirche,Diözese Rottenburg-Stuttgart,Ständiges Diakonat,Katholische Kirche,Diözese Rottenburg-Stuttgart,Ständiger Diakonat,Katholische Kirche,Diözese Rottenburg-Stuttgart,Arbeitsstelle für den Ständigen Diakonat,Katholische Kirche,Diözese Rottenburg-Stuttgart,Bischof,Katholische Kirche,Diözese Rottenburg-Stuttgart,Referat Erwachsenenpastoral und Erwachsenenbildung,Katholische Kirche,Diözese Rottenburg-Stuttgart,Referat für Glaubensfragen,Katholische Kirche,Diözese Rottenburg-Stuttgart,Hauptabteilung Ausbildung Ständiger Diakonat,Katholische Kirche,Diözese Rottenburg-Stuttgart,Hauptabteilung 1,Katholische Kirche,1,Katholische Kirche,Diözese Rottenburg-Stuttgart,Hauptabteilung Kirche und Gesellschaft,Katholische Kirche,Diözese Rottenburg-Stuttgart,Hauptabteilung 9 a,Katholische Kirche,9 a,Katholische Kirche,Diözese Rottenburg-Stuttgart,Hauptabteilung 4 a,Katholische Kirche,4 a,Katholische Kirche,Diözese Rottenburg-Stuttgart,Öffentlichkeitsarbeit,Katholische Kirche,Diözese Rottenburg-Stuttgart,Domkapitel,Katholische Kirche,Diözese Rottenburg-Stuttgart,Bischöflicher Stuhl,Katholische Kirche,Diözese Rottenburg-Stuttgart,Generalvikariat,Katholische Kirche,Diözese Rottenburg-Stuttgart,Hauptabteilung Weltkirche,Katholische Kirche,Diözese Rottenburg-Stuttgart,Hauptabtlg. Weltkirche,Katholische Kirche,Diözese Rottenburg-Stuttgart,Hauptabteilung Medien und Öffentlichkeitsarbeit,Arbeitsstelle Ständiges Diakonat,Diözesanpastoralrat,Diözesansynode,Diözesanverwaltung,Bischöfliche Verwaltung,Amt für Öffentlichkeitsarbeit,Bischof,Öffentlichkeitsarbeit,Bischöflicher Stuhl,Bischöfliches Generalvikariat,Generalvikariat,Biskupija Rottenburg-Stuttgart,Diecezja Rottenburg-Stuttgart,Diócesis Rottenburg-Stuttgart,Diocese Rottenburg-Stuttgart,Diocese de Rotemburgo-Estugarda,Diocesi Rottenburg-Stuttgart,Diocesi di Rottenburg-Stoccarda,Bistum Rottenburg-Stuttgart,Dioecesis Rottenburgensis-Stutgardiensis,Diözese Rottenberg-Stuttgart , Katolikus Egyház,RCC,Katoličeskaj Cerkovʹ,Katoličke Cerkve,Katolska Cyrkej,Katolske Kirke,Ecclesia Catholica,Igreja Católica,Römisch-Katholische Kirche,Katholikē Ekklēsia,Catholic Church,Roman Catholic Church,Eglise Catholique,Eglise Catholique Romaine,Chiesa Cattolica,Katholieke Kerk,Iglesia Católica,Katolické Církve,Kościoł Katolicki,Katoličke Crkve,Eglise catholique romaine,Chiesa cattolica romana,Roman catholic Church,Eglise catholique,Römische Kirche , Eglise catholique,Roman Catholic Church,Catholic Church , Ehemalige Wallfahrtskirche Sankt Ottilia |
| SYE | 0 | 0 | |a Amtsblätter , Kirchenpresse |
| SYF | 0 | 0 | |a Südweststaat,Bade-Wurtemberg,Baden-Vjurttemberg,Baden-Wirtemberg,Baden-Wuerttemberg,BW,Land Baden-Württemberg |